000 00292nam a2200133Ia 4500
005 20251222141924.0
008 251222s9999||||xx |||||||||||||| ||spa||
020 _a84-206-7758-2
082 _a848.9/C24
100 _aCamus, Albert
245 0 _aCrónicas:
264 _bAlianza
942 _cLIB
999 _c8810
_d8810